International Management: Managing Across Borders and Cultures, Text and Cases / (Record no. 615405)

000 -LEADER
fixed length control field 00431nam a22001457a 4500
020 ## - INTERNATIONAL STANDARD BOOK NUMBER
Qualifying information PB.
040 ## - CATALOGING SOURCE
Transcribing agency FIZZA ISHAQ
082 ## - DEWEY DECIMAL CLASSIFICATION NUMBER
Classification number 658.049
Author Mark DER
100 ## - MAIN ENTRY--PERSONAL NAME
Personal name Deresky , Helen.
9 (RLIN) 128701
245 ## - TITLE STATEMENT
Title International Management: Managing Across Borders and Cultures, Text and Cases /
Statement of responsibility, etc. Deresky Helen.
250 ## - EDITION STATEMENT
Edition statement 7TH ED.
260 ## - PUBLICATION, DISTRIBUTION, ETC.
Place of publication, distribution, etc. NEW YORK:
Name of publisher, distributor, etc. PEARSON,
Date of publication, distribution, etc. 2011.
300 ## - PHYSICAL DESCRIPTION
Extent Index Inc ; 468 P. ;
Dimensions 27.3 X 21.5cm
942 ## - ADDED ENTRY ELEMENTS (KOHA)
Source of classification or shelving scheme
Koha item type Book
Holdings
Withdrawn status Lost status Source of classification or shelving scheme Damaged status Not for loan Permanent Location Current Location Date acquired Total Checkouts Full call number Barcode Date last seen Copy number Price effective from Koha item type
          NUST Baluchistan Campus (NBC) NUST Baluchistan Campus (NBC) 11/27/2025   658.049 DER QD-235 11/27/2025 1 11/27/2025 Book
© 2023 Central Library, National University of Sciences and Technology. All Rights Reserved.